Design of equilibrium stage processes (Record no. 13251)

000 -LEADER
fixed length control field 00589nam a22002171 4500
001 - CONTROL NUMBER
control field 13251
003 - CONTROL NUMBER IDENTIFIER
control field BD-DhUET
008 - FIXED-LENGTH DATA ELEMENTS--GENERAL INFORMATION
fixed length control field 740517s1963 nyua b 000 0 eng
020 ## - INTERNATIONAL STANDARD BOOK NUMBER
International Standard Book Number 070586373
040 ## - CATALOGING SOURCE
Original cataloging agency DLC
Transcribing agency OAkU
Modifying agency BD-DhUET
082 ## - DEWEY DECIMAL CLASSIFICATION NUMBER
Classification number 660.28422
Item number SMI/1963
100 1# - MAIN ENTRY--PERSONAL NAME
Personal name Smith, Buford D.
245 10 - TITLE STATEMENT
Title Design of equilibrium stage processes
250 ## - EDITION STATEMENT
Edition statement 1st ed.
260 ## - PUBLICATION, DISTRIBUTION, ETC. (IMPRINT)
Place of publication, distribution, etc. New York
Name of publisher, distributor, etc. McGraw-Hill
Date of publication, distribution, etc. 1963
300 ## - PHYSICAL DESCRIPTION
Extent 647 p.
Other physical details ill.
Dimensions 24 cm.
490 ## - SERIES STATEMENT
Series statement McGraw-Hill chemical engineering series
504 ## - BIBLIOGRAPHY, ETC. NOTE
Bibliography, etc Includes bibliographies
650 #0 - SUBJECT ADDED ENTRY--TOPICAL TERM
Topical term or geographic name as entry element Chemical equilibrium
942 ## - ADDED ENTRY ELEMENTS (KOHA)
Koha item type General Book
Holdings
Koha normalized classification for sorting Location (home branch) Copy number Price effective from Sublocation or collection (holding branch) Shelving location Koha full call number Damaged status Piece designation (barcode) Koha item type Source of classification or shelving scheme Not for loan Lost status Koha date last seen Date acquired Withdrawn status
660_284220000000000_SMI_1963Central Library, BUET12015-03-02Central Library, BUETCirculation section660.28422/SMI/1963 34954General Book   2015-03-022015-03-02 
660_284220000000000_SMI_1963Central Library, BUET22015-03-03Central Library, BUETCirculation section660.28422/SMI/1963 29845General Book   2015-03-032015-03-03 
660_284220000000000_SMI_1963Central Library, BUET32015-03-03Central Library, BUETCirculation section660.28422/SMI/1963 29841General Book   2015-03-032015-03-03 
660_284220000000000_SMI_1963Central Library, BUET42015-03-03Central Library, BUETCirculation section660.28422/SMI/1963 29847General Book   2015-03-032015-03-03 
660_284220000000000_SMI_1963Central Library, BUET52015-03-03Central Library, BUETCirculation section660.28422/SMI/1963 29853General Book   2015-03-032015-03-03 
660_284220000000000_SMI_1963Central Library, BUET62015-03-03Central Library, BUETCirculation section660.28422/SMI/1963 29843General Book   2015-03-032015-03-03 
660_284220000000000_SMI_1963Central Library, BUET72015-03-03Central Library, BUETCirculation section660.28422/SMI/1963 29844General Book   2015-03-032015-03-03 
660_284220000000000_SMI_1963Central Library, BUET82015-03-03Central Library, BUETCirculation section660.28422/SMI/1963 29840General Book   2015-03-032015-03-03 
660_284220000000000_SMI_1963Central Library, BUET92015-03-03Central Library, BUETCirculation section660.28422/SMI/1963 34955General Book   2015-03-032015-03-03 
660_284220000000000_SMI_1963Central Library, BUET102015-05-11Central Library, BUETCirculation section660.28422/SMI/1963 11477General Book   2015-05-112015-05-11 
660_284220000000000_SMI_1963Central Library, BUET112015-05-11Central Library, BUETCirculation section660.28422/SMI/1963 29846General Book   2015-05-112015-05-11 
660_284220000000000_SMI_1963Central Library, BUET122015-05-11Central Library, BUETCirculation section660.28422/SMI/1963 34953General Book   2015-05-112015-05-11 
660_284220000000000_SMI_1963Central Library, BUET132015-05-11Central Library, BUETCirculation section660.28422/SMI/1963 18836General Book   2015-05-112015-05-11 
660_284220000000000_SMI_1963Central Library, BUET142015-05-11Central Library, BUETCirculation section660.28422/SMI/1963 29854General Book   2015-05-112015-05-11 
660_284220000000000_SMI_1963Central Library, BUET152015-05-11Central Library, BUETCirculation section660.28422/SMI/1963 29856General Book   2015-05-112015-05-11 
660_284220000000000_SMI_1963Central Library, BUET162015-05-19Central Library, BUETCirculation section660.28422/SMI/1963 29848General Book   2015-05-192015-05-19 
660_284220000000000_SMI_1963Central Library, BUET172015-06-18Central Library, BUETReading section660.28422/SMI/1963 6449Reading Item   2015-06-182015-06-18